La civilisation de l'empire inca: un état totalitaire de passé

Guardado en:
Detalles Bibliográficos
Autor principal: Karsten, Rafael (Autor)
Formato: Libro
Lenguaje:francés
Publicado: París Payot 1952
Colección:Bibliothèque Historique
Materias:
Etiquetas: Agregar Etiqueta
Sin Etiquetas, Sea el primero en etiquetar este registro!

MARC

LEADER 00000nam a2200000 a 4500
001 UCO3233
003 CL-VaPUC
008 000714e19520000FR |||||||||||||||||fre|d
082 0 4 |a 985.019  |b KAR  |2 21 
100 0 |a Karsten, Rafael  |e author  |9 447222 
245 1 3 |a La civilisation de l'empire inca: un état totalitaire de passé 
300 |a 270 p 
942 |c BK 
945 |d 20000714 00:00:00  |a rherrera 
260 |a París  |b Payot  |c 1952 
650 0 |a Historia de Perú  |9 316239 
650 0 |a Pueblos de América  |9 446252 
650 7 |a INCAS  |2 CL-VaPUC  |9 256565 
650 0 |a Civilizaciones antiguas  |9 265998 
650 0 |a Imperio Inca  |9 441384 
651 0 |a Perú  |9 256567 
583 |a last modification  |c 20000714 00:00:00  |k Rodrigo Vera 
490 0 |a Bibliothèque Historique 
999 |c 289701  |d 289699 
952 |0 0  |1 0  |4 0  |6 985_019000000000000_KAR_1952  |7 0  |8 A  |9 338301  |a BIBHIS  |b BIBHIS  |d 2019-11-20  |i 1298860  |o 985.019 KAR 1952  |p 1298860  |r 2025-01-20  |w 2019-11-20  |y BK  |k HIS